000 00811nam a22002297a 4500
005 20251108173145.0
008 250721s2001 xx 000 0 ara d
020 _a9953150664
082 1 4 _a640.42/ فرو
100 1 _aفرونتي، لورا
_eمؤلف
245 1 0 _aدليل التدبير و التوفير المنزلي وصفات عملية ... لا تكلف شيئا /
264 1 _aبيروت :
_bشركة دار الفراشة للطباعة و النشر و التوزيع،
_c2001.
300 _a304ص.
650 1 7 _aالاقتصاد المنزلي
650 1 7 _aالتدبير المنزلي
650 1 7 _aالميزانية
650 1 7 _aالادلة
700 1 _aعبدوش، فاديا
_etran.
700 1 _aطانيوس، ليديا
_etran.
942 _2ddc
_cBK
999 _c97364
_d97364